Sports Quiz

Random Sports or Baseball Quiz
Score 0/300 Timer 12:00
0 Plays Today
Team Pitchers % Correct
RockiesNone
99.8%
AstrosNone
99.8%
PiratesNone
99.8%
PadresNone
99.8%
White SoxNone
99.8%
RedsNone
99.8%
AstrosNone
99.8%
A'sNone
99.8%
MarinersNone
99.8%
Tigers
84.6%
Tigers
84.4%
Tigers
84.3%
Tigers
83.2%
Diamondbacks
83.1%
Yankees
81.8%
Phillies
81.3%
Marlins
81.1%
Marlins
80.9%
Yankees
80.6%
Yankees
79.9%
Angels
79.8%
Dodgers
79.8%
Dodgers
79.5%
Dodgers
79.4%
Dodgers
79.2%
Red Sox
79.2%
Rays
79.1%
Giants
79.1%
Dodgers
79.1%
Yankees
79%
Tigers
78.5%
Giants
78.5%
Giants
78.4%
Dodgers
77.9%
Rays
77.9%
Phillies
77.7%
Tigers
77.7%
Indians
77.7%
Dodgers
77.6%
Angels
77.6%
Indians
77.6%
Tigers
77.5%
Phillies
77.4%
Red Sox
77.1%
Blue JaysNone
77%
Red Sox
76.9%
Mariners
76.9%
Mariners
76.5%
Angels
76.4%
Mariners
76.2%
Nationals
76%
Brewers
75.9%
Marlins
75.9%
Rays
75.7%
Nationals
75.7%
Mets
75.6%
Angels
75.2%
Cubs
74.7%
Cardinals
74.4%
Mariners
74.3%
White Sox
74.2%
Red Sox
73.8%
Cubs
73.5%
Nationals
73.3%
Mets
72.8%
Tigers
72.7%
Mariners
72.3%
Cardinals
72.3%
Reds
72.2%
Tigers
72.1%
Diamondbacks
72%
Dodgers
71.6%
Giants
71.6%
Cubs
71.3%
Nationals
71.3%
Giants
71.2%
Blue JaysNone
71.1%
Mets
71.1%
Yankees
70.9%
Cardinals
70.7%
Nationals
70.5%
Indians
70.5%
Mariners
70.3%
Yankees
70.2%
Reds
69.8%
Red Sox
69.8%
Cardinals
69.4%
Reds
69.4%
Red Sox
69.4%
Mariners
69.3%
Royals
69.3%
Rays
69.2%
Mariners
69.1%
Red Sox
68.9%
Phillies
68.1%
Braves
68%
Yankees
67.9%
Reds
67.6%
Red Sox
67.1%
Giants
67.1%
Team Pitchers % Correct
Royals
67%
Giants
67%
AngelsNone
66.4%
Diamondbacks
66.2%
Indians
66.2%
Phillies
66.2%
Rays
66.1%
Cardinals
65.8%
Royals
65.4%
Phillies
65.4%
White Sox
65%
Mets
64.5%
White Sox
64.1%
Rays
64.1%
Giants
63.9%
Cardinals
63.9%
White Sox
63.6%
White Sox
63.4%
Astros
63.4%
Royals
63.1%
Mets
62.8%
RockiesNone
62.5%
Cardinals
61.5%
Cardinals
61.5%
Braves
61.5%
Cubs
61.3%
Diamondbacks
61.2%
Nationals
61.1%
Indians
60.9%
Nationals
60.4%
Blue Jays
60.3%
Braves
60.1%
Braves
59.7%
Cubs
59.7%
Rockies
59%
White Sox
58.5%
Marlins
58.5%
Marlins
58.3%
Twins
58.2%
Phillies
58%
Angels
57.7%
Rangers
57.1%
PadresNone
56.9%
Indians
56.9%
Yankees
56.7%
Yankees
56.7%
Pirates
56.3%
Cardinals
56.3%
White Sox
56%
White Sox
56%
Mets
55.6%
White Sox
55.4%
Indians
55.3%
Rockies
55%
Rangers
55.1%
Blue Jays
54.8%
Rockies
53.8%
Rays
53.7%
Astros
53.5%
Twins
53.2%
Indians
53.2%
Pirates
52.8%
Giants
52.8%
Indians
52.8%
Blue Jays
52.4%
Blue Jays
52.3%
Braves
52%
Reds
51.9%
Mets
49.3%
Nationals
49.2%
Rangers
49.2%
Rangers
49%
Astros
48.9%
A's
48.5%
Orioles
48.5%
Cubs
48.2%
Mets
47.7%
A's
47.7%
Astros
47.1%
Royals
46.4%
Twins
46.4%
Royals
46.1%
Padres
46.1%
Mets
45.9%
Phillies
45.6%
Orioles
45.5%
A's
45.4%
Angels
45.3%
Rays
45.2%
Astros
44.7%
Marlins
44.5%
Astros
44.5%
Reds
44.3%
Brewers
44.2%
DodgersNone
44%
Mets
43.9%
Pirates
43.9%
Reds
43.1%
Pirates
43%
BrewersNone
43%
Team Pitchers % Correct
Rangers
42.9%
A'sNone
42.9%
Braves
42.6%
Astros
42.5%
A's
41.9%
Rays
41.7%
Cubs
41.5%
Angels
40.7%
Rockies
40.6%
Brewers
40.5%
A's
40.3%
Brewers
40.1%
Blue Jays
38.8%
Rays
38.8%
Royals
38.4%
Cubs
38.2%
Braves
37.8%
Indians
37.8%
Red Sox
37.7%
Diamondbacks
36.7%
Brewers
36.2%
Rangers
36.2%
Padres
35.3%
Diamondbacks
35.3%
Orioles
34.3%
Padres
34.1%
Brewers
34%
Padres
33.1%
Orioles
32.5%
Orioles
31.7%
Braves
30.9%
RangersNone
29.6%
A's
29.3%
Cubs
29.2%
Pirates
29%
Padres
29%
Royals
28.9%
Braves
28.7%
Orioles
28.3%
Giants
26.7%
Orioles
26.2%
Pirates
25.9%
Orioles
25.7%
Royals
25.2%
Padres
25.2%
Rangers
24.4%
Rockies
23.8%
Rangers
23.7%
Blue Jays
23%
Pirates
22.9%
Pirates
22.7%
Blue Jays
22.5%
Blue Jays
22%
Brewers
21.8%
Twins
21.2%
OriolesNone
20.4%
Rockies
20.3%
Red Sox
19.8%
Cardinals
19.7%
Rockies
19.6%
Diamondbacks
18.3%
Twins
17.6%
Royals
17.6%
Orioles
17.5%
Astros
17.3%
Marlins
17.3%
Twins
17.1%
Rockies
16.9%
Phillies
16.8%
Braves
16.8%
Twins
16.7%
Rangers
16.2%
Mariners
15.8%
Angels
15.7%
Nationals
15.7%
Phillies
15.7%
Marlins
15.2%
Diamondbacks
14.6%
Cubs
14.6%
A's
13.5%
Pirates
13%
Nationals
12.5%
Brewers
12.4%
Dodgers
12.3%
Marlins
11%
Twins
11%
Diamondbacks
10.5%
Angels
9.8%
Padres
9.4%
Brewers
8.6%
Diamondbacks
8.4%
Yankees
6.7%
Reds
6.5%
Twins
5.9%
Reds
4.7%
Padres
4%
Tigers
3.9%
Marlins
3.7%
A's
3.6%
Twins
1.8%

You're not logged in!

Compare scores with friends on all Sporcle quizzes.
OR
Log In

Sporcle TV

Today on Sporcle TV


Watch our educational content, quiz creation guides, and fun videos on Sporcle TV.

Show Comments

Extras

Top Quizzes Today


Score Distribution

Paid Content

Your Account Isn't Verified!

In order to create a playlist on Sporcle, you need to verify the email address you used during registration. Go to your Sporcle Settings to finish the process.

Report this User

Report this user for behavior that violates our Community Guidelines.

Details: